Loading...
Current Events | 7 | 14.29 | 86% | 29% | 29% |
Fine Arts - Classical Music | 8 | 18.75 | 100% | 63% | 25% |
Fine Arts - Other Fine Arts | 9 | 14.44 | 78% | 33% | 33% |
Fine Arts - Painting and Sculpture | 3 | 23.33 | 100% | 100% | 33% |
Geography | 4 | 12.50 | 100% | 25% | 0% |
History - American History | 3 | 16.67 | 100% | 67% | 0% |
History - European History | 7 | 22.86 | 86% | 57% | 86% |
History - Other History | 4 | 20.00 | 100% | 75% | 25% |
History - World History | 8 | 22.50 | 100% | 100% | 25% |
Literature - Drama | 4 | 22.50 | 100% | 75% | 50% |
Literature - Long Fiction | 9 | 22.22 | 100% | 78% | 44% |
Literature - Misc Literature | 4 | 25.00 | 100% | 100% | 50% |
Literature - Poetry | 7 | 20.00 | 100% | 86% | 14% |
Literature - Short Fiction | 2 | 25.00 | 100% | 100% | 50% |
Mythology | 5 | 20.00 | 100% | 80% | 20% |
Other Academic | 7 | 17.14 | 86% | 57% | 29% |
Philosophy | 7 | 18.57 | 100% | 71% | 14% |
Religion | 4 | 17.50 | 100% | 25% | 50% |
Science - Biology | 4 | 22.50 | 100% | 100% | 25% |
Science - Chemistry | 5 | 16.00 | 100% | 40% | 20% |
Science - Other Science | 5 | 16.00 | 100% | 40% | 20% |
Science - Physics | 7 | 21.43 | 100% | 100% | 14% |
Social Science | 7 | 17.14 | 100% | 57% | 14% |